书目信息 |
| 题名: |
帝国崛起
|
|
| 作者: | 房龙 著 ;刘洋 编译 | |
| 分册: | ||
| 出版信息: | 武汉 华中科技大学出版社 2016 |
|
| 页数: | 257页 | |
| 开本: | 24cm | |
| 丛书名: | ||
| 单 册: | ||
| 中图分类: | K712.09 | |
| 科图分类: | ||
| 主题词: | ||
| 电子资源: | ||
| ISBN: | 978-7-5680-1955-2 | |
| 000 | 01017nam0 22002531 450 | |
| 001 | 0109172537 | |
| 005 | 20170309172537.0 | |
| 010 | @a978-7-5680-1955-2@dCNY35.00 | |
| 100 | @a20161104d2016 em y0chiy50 ea | |
| 101 | 1 | @achi@ceng |
| 102 | @aCN@b420000 | |
| 105 | @ay z 000yy | |
| 106 | @ar | |
| 200 | 1 | @a帝国崛起@9di guo jue qi@e美国称霸世界之路@f(美)亨德里克·威廉·房龙著@g刘洋编译 |
| 210 | @a武汉@c华中科技大学出版社@d2016 | |
| 215 | @a257页@d24cm | |
| 330 | @a本书叙述从哥伦布发现新大陆至20世纪20年代在北美大陆上百年风云变幻的壮阔历史。书中讲述了美国何以成功的真谛,同时,也围绕着美国开拓者们“美国必将影响世界”的信念形成、强化乃至走火入魔而步步展开,是一本非常通俗的美国历史。 | |
| 517 | 1 | @a美国称霸世界之路@9mei guo chen ba shi jie zhi lu |
| 607 | @a美国@Amei guo@x历史@j通俗读物 | |
| 690 | @aK712.09@v5 | |
| 701 | 0 | @c(美)@a房龙@9fang long@c(Van Loon, Hendrik Willem@f1882~1944)@4著 |
| 702 | 0 | @a刘洋@9liu yang@4编译 |
| 801 | 0 | @aCN@bTANGWEI@c20170308 |
| 905 | @b0954420-2@dK712.09@e36@f3 | |
| 帝国崛起:美国称霸世界之路/(美)亨德里克·威廉·房龙著/刘洋编译.-武汉:华中科技大学出版社,2016 |
| 257页;24cm |
| ISBN 978-7-5680-1955-2:CNY35.00 |
| 本书叙述从哥伦布发现新大陆至20世纪20年代在北美大陆上百年风云变幻的壮阔历史。书中讲述了美国何以成功的真谛,同时,也围绕着美国开拓者们“美国必将影响世界”的信念形成、强化乃至走火入魔而步步展开,是一本非常通俗的美国历史。 |
| ● |
| 相关链接 |
|
|
|
|
正题名:帝国崛起
索取号:K712.09/36
 
预约/预借
| 序号 | 登录号 | 条形码 | 馆藏地/架位号 | 状态 | 备注 |
| 1 | 0954420 | 209544206 | 第二样本阅览室/ [索取号:K712.09/36] | 在馆 | |
| 2 | 0954421 | 209544215 | 第二借阅区/ [索取号:K712.09/36] | 在馆 | |
| 3 | 0954422 | 209544224 | 第二借阅区/ [索取号:K712.09/36] | 在馆 |